Το πρώτο ταξίδι στις Ινδίες

Αποθηκεύτηκε σε:
Λεπτομέρειες βιβλιογραφικής εγγραφής
Κύριος συγγραφέας: Gama, Vasco da, 1469-1524
Άλλοι συγγραφείς: Χιδίρογλου, Μαρία-Φερρέιρα (trlf)
Μορφή: Βιβλίο
Γλώσσα:Greek
Portuguese
Δημοσίευση: Αθήνα : Στοχαστής, 1989.
Έκδοση:2η έκδ.
Σειρά:Ταξίδια - Ανακαλύψεις (Στοχαστής)
Θέματα:
Ετικέτες: Προσθήκη ετικέτας
Δεν υπάρχουν, Καταχωρήστε ετικέτα πρώτοι!

MARC

LEADER 00000cam a2200000 i 4500
001 1/67107
008 931025s1989 gr | ||| |||| ||gre||
035 |a ΛΕΣΒΟΣb10001840  |l 10001840 
040 |a GR-MyUA  |b gre  |e AACR2 
041 1 |a gre  |h por 
082 7 |a 913.04   |2 (22) 
100 1 |a Gama, Vasco da,   |d 1469-1524. 
245 1 3 |a Το πρώτο ταξίδι στις Ινδίες /   |c Βάσκο ντα Γκάμα ; εισαγωγή, μετάφραση, σχόλια: Μαρία Φερρέιρα-Χιδίρογλου.  
250 |a 2η έκδ.  
260 |a Αθήνα :   |b Στοχαστής,   |c 1989.  
300 |a 105 σ. :   |b εικ. ;   |c 21 εκ.  
490 1 |a (Ταξίδια - Ανακαλύψεις / Στοχαστής)  
500 |a Τίτλος πρωτοτύπου: Relaçâo da Primeira Viagem à Ίndia pela Armada Chefiada por Vasco da Gama por & GRAlvaro Velho.  
504 |a Βιβλιογραφία: σ. 105.  
650 0 0 |a Discoveries in geography. 
650 0 0 |a Colonies  |z India. 
700 1 |a Χιδίρογλου, Μαρία-Φερρέιρα,  |e trlf 
830 0 |a Ταξίδια - Ανακαλύψεις (Στοχαστής) 
852 |a INST  |b LESVOS  |e 19931025  |h 913.04 GAM  |p 005100005310  |q 005100005310  |t BK  |y 0 
909 |a Λ  |b 018024